Toggo Serien Quiz - Statistiken

Allgemein
  • Dieses Quiz wurde 380 mal gespielt
  • Das Durchschnittsergebnis liegt bei 16 aus 33
Antwortstatistiken
Bildquiz Antwort % Korrekt
Pokemon
92%
Ninjago
91%
Benjamin Blümchen
89%
Mr. Bean
88%
Angelo
86%
Tom und Jerry
85%
Barbie
81%
Sally Bollywood
80%
Peppa Pig
78%
Paw patrol
75%
Spongebob Schwammkopf
75%
Naruto
72%
Alvin und die Chipmunks
70%
Cosmo und Wanda
68%
Caillou
59%
Go Wild
59%
Oktonauten
55%
City Abenteuer
52%
Dragons
50%
Woozel Goozel
50%
Zig und Sharko
30%
Grizzy und die Lemminge
27%
Hotel Transsilvanien
24%
Voll zu spät
21%
Nektons
16%
Beyblade Burst
14%
Polly Pocket
12%
Super Wings
12%
Zak Storm
11%
Weinachtsmann und Co. KG
7%
Jurassic World
6%
Bugs Bunny und Looney Tunes
5%
Ninja Worrior Germany Kids
1%
Keine übereinstimmenden Quizze gefunden
Verteilung der Resultate
Anzahl Personen mit jedem Resultat
Perzentil nach korrekt beantworteten Fragen
Ihre Resultats-Entwicklung
Sie haben dieses Quiz noch nicht gespielt